[Event "95th Caplin Hastings Congress"]
[Site "Hastings"]
[Date "2020.01.04"]
[Round "8.17"]
[White "Willow, Jonah B"]
[Black "Thompson, Ian D"]
[Result "1/2-1/2"]
[WhiteElo "2355"]
[BlackElo "2141"]
[Annotator "NA"]
[PlyCount "115"]
[EventDate "2019.12.28"]
[EventType "swiss"]
[EventCountry "ENG"]
[SourceTitle "playchess.com"]
[Source "ChessBase"]
[SourceQuality "1"]
[TimeControl "40/6600+30:3000+30"]

1. e4 {[%emt 0:09:31]} e5 {[%emt 0:09:40]} 2. Nf3 {[%emt 0:00:12]} Nc6 {[%emt 0:00:12]} 3. Nc3 {[%emt 0:00:21]} Nf6 {[%emt 0:00:15]} 4. Bb5 {[%emt 0:00:05]} Bc5 {[%emt 0:01:33]} 5. O-O {[%emt 0:01:10]} O-O {[%emt 0:00:00]} 6. Nxe5 {[%emt 0:00:18]} Nxe5 {[%emt 0:00:00]} 7. d4 {[%emt 0:00:00]} Bd6 {[%emt 0:00:25]} 8. f4 {[%emt 0:00:00]} Neg4 {[%emt 0:00:27]} 9. e5 {[%emt 0:00:46]} Be7 {[%emt 0:00:56]} 10. Be2 {[%emt 0:03:40]} d6 {[%emt 0:00:20]} 11. exf6 {[%emt 0:00:00]} Nxf6 {[%emt 0:03:08]} 12. f5 {[%emt 0:00:00]} d5 {[%emt 0:05:15]} 13. Bg5 {[%emt 0:01:08]} Re8 {[%emt 0:04:16]} 14. Qd3 {[%emt 0:05:28]} c6 {[%emt 0:01:59]} 15. Rae1 {[%emt 0:01:35]} b5 {[%emt 0:12:48]} 16. Qh3 {[%emt 0:03:51]} a5 {[%emt 0:00:00]} 17. Bd3 {[%emt 0:05:31]} b4 {[%emt 0:12:27]} 18. Na4 {[%emt 0:04:28]} Ba6 $14 {[%emt 0:15:12]} 19. Nc5 {[%emt 0:28:11]} Bxd3 {[%emt 0:00:00]} 20. cxd3 {[%emt 0:08:36]} Bxc5 {[%emt 0:00:00]} 21. dxc5 {[%emt 0:00:00]} Rxe1 {[%emt 0:00:00]} 22. Rxe1 {[%emt 0:00:00]} Qf8 {[%emt 0:00:00]} 23. Bxf6 {[%emt 0:00:00]} gxf6 {[%emt 0:00:00]} 24. Qe3 {[%emt 0:06:49]} Qc8 {[%emt 0:10:36]} 25. Qg3+ {[%emt 0:03:22]} Kh8 {[%emt 0:00:00]} 26. Re7 {[%emt 0:00:23]} Qf8 {[%emt 0:00:00]} 27. Qd6 {[%emt 0:04:06]} Kg7 {[%emt 0:01:18]} 28. Qg3+ {[%emt 0:01:02]} Kh8 {[%emt 0:00:00]} 29. Qd6 {[%emt 0:00:02]} Kg7 {[%emt 0:04:31]} 30. Rd7 {[%emt 0:05:14]} Re8 {[%emt 0:00:00]} 31. Kf2 {[%emt 0:01:10]} Re5 {[%emt 0:04:34]} 32. Rd8 {[%emt 0:16:10]} Rxf5+ {[%emt 0:00:00]} 33. Kg3 {[%emt 0:01:15]} Qxd6+ {[%emt 0:00:00]} 34. cxd6 {[%emt 0:00:05]} d4 {[%emt 0:00:00]} 35. Rc8 {[%emt 0:00:03]} Rd5 {[%emt 0:00:00]} 36. Rxc6 {[%emt 0:01:18]} f5 {[%emt 0:00:00]} 37. Kf4 {[%emt 0:00:42]} Kf6 {[%emt 0:00:00]} 38. d7+ {[%emt 0:06:47]} Ke7 {[%emt 0:00:00]} 39. Rh6 {[%emt 0:00:05]} Kxd7 {[%emt 0:01:44]} 40. Rxh7 {[%emt 0:05:55]} Rc5 {[%emt 0:00:26]} 41. Rxf7+ {[%emt 0:45:33]} Ke6 {[%emt 0:55:45]} 42. Ra7 {[%emt 0:01:21]} Rc2 {[%emt 0:00:30]} 43. Ra6+ {[%emt 0:00:15]} Ke7 {[%emt 0:00:12]} 44. h4 {[%emt 0:07:34]} Rxg2 {[%emt 0:00:00]} 45. h5 {[%emt 0:02:55]} Rxb2 {[%emt 0:00:00]} 46. h6 {[%emt 0:00:00]} Kf7 {[%emt 0:13:45]} 47. Rxa5 {[%emt 0:03:22]} Rd2 {[%emt 0:20:53]} 48. Ra7+ {[%emt 0:00:00]} Kg8 {[%emt 0:07:49]} 49. Rg7+ {[%emt 0:00:00]} Kh8 {[%emt 0:00:00]} 50. Rg3 {[%emt 0:00:00]} Rxa2 {[%emt 0:03:26]} 51. Kxf5 {[%emt 0:00:00]} b3 {[%emt 0:04:28]} 52. Rg6 {[%emt 0:01:44]} Re2 {[%emt 0:02:12]} 53. Rb6 {[%emt 0:00:00]} b2 {[%emt 0:02:09]} 54. Kg6 {[%emt 0:00:00]} Rg2+ {[%emt 0:00:00]} 55. Kf5 {[%emt 0:00:00]} Re2 {[%emt 0:00:00]} 56. Rb7 {[%emt 0:01:18]} Re3 {[%emt 0:00:00]} 57. Rxb2 {[%emt 0:00:00]} Rxd3 {[%emt 0:00:00]} 58. Ke4 {[%emt 0:00:12]} 1/2-1/2

[Event "95th Caplin Hastings Congress"]
[Site "Hastings"]
[Date "2020.01.04"]
[Round "8.18"]
[White "Ryzhkov, Vjacheslav"]
[Black "Grieve, Harry"]
[Result "1/2-1/2"]
[WhiteElo "2134"]
[BlackElo "2299"]
[Annotator "ChessBase"]
[PlyCount "123"]
[EventDate "2019.12.28"]
[EventType "swiss"]
[EventCountry "ENG"]
[SourceTitle "playchess.com"]
[Source "ChessBase"]
[SourceQuality "1"]
[TimeControl "40/6600+30:3000+30"]

1. e4 {[%emt 0:09:36]} c5 {[%emt 0:10:06]} 2. Nf3 {[%emt 0:00:37]} e6 {[%emt 0:00:07]} 3. g3 {[%emt 0:00:34]} Nc6 {[%emt 0:02:20]} 4. Bg2 {[%emt 0:00:36]} Nf6 {[%emt 0:02:00]} 5. Qe2 {[%emt 0:00:19]} d6 {[%emt 0:00:59]} 6. O-O {[%emt 0:03:06]} Be7 {[%emt 0:01:12]} 7. e5 {[%emt 0:00:39]} dxe5 {[%emt 0:03:17]} 8. Nxe5 {[%emt 0:00:55]} Nd4 {[%emt 0:07:06]} 9. Qd1 {[%emt 0:05:52]} O-O {[%emt 0:04:13]} 10. c3 {[%emt 0:01:11]} Nf5 {[%emt 0:00:00]} 11. d3 {[%emt 0:03:33]} Qc7 {[%emt 0:01:50]} 12. Qe2 {[%emt 0:01:40]} Nd5 {[%emt 0:06:26]} 13. Na3 {[%emt 0:02:04]} Rb8 {[%emt 0:07:31]} 14. Nb5 {[%emt 0:08:48]} Qb6 {[%emt 0:03:29]} 15. a4 {[%emt 0:06:29]} a6 {[%emt 0:01:42]} 16. Na3 {[%emt 0:06:07]} Qc7 {[%emt 0:01:23]} 17. Nc2 {[%emt 0:03:24]} b6 {[%emt 0:09:31]} 18. d4 {[%emt 0:07:11]} Bb7 {[%emt 0:06:43]} 19. Ne3 {[%emt 0:05:32]} cxd4 {[%emt 0:06:12]} 20. Nxf5 {[%emt 0:00:42]} exf5 {[%emt 0:00:20]} 21. cxd4 {[%emt 0:00:42]} Nb4 {[%emt 0:08:59]} 22. Bf4 {[%emt 0:04:22]} Bxg2 {[%emt 0:04:51]} 23. Kxg2 {[%emt 0:01:06]} Rbd8 {[%emt 0:07:27]} 24. Rac1 {[%emt 0:03:46]} Qb7+ {[%emt 0:05:34]} 25. Qf3 {[%emt 0:02:38]} Qxf3+ {[%emt 0:00:08]} 26. Nxf3 {[%emt 0:00:14]} b5 {[%emt 0:05:32]} 27. axb5 {[%emt 0:05:26]} axb5 {[%emt 0:00:06]} 28. Rc7 {[%emt 0:01:45]} Nd5 {[%emt 0:06:40]} 29. Rb7 {[%emt 0:01:00]} b4 {[%emt 0:00:34]} 30. Ra1 {[%emt 0:04:57]} Ra8 {[%emt 0:03:09]} 31. Rxa8 {[%emt 0:01:18]} Rxa8 {[%emt 0:00:01]} 32. Rb8+ {[%emt 0:07:31]} Rxb8 {[%emt 0:00:05]} 33. Bxb8 {[%emt 0:00:05]} f6 {[%emt 0:01:43]} 34. Nd2 {[%emt 0:00:51]} Kf7 {[%emt 0:01:39]} 35. Kf3 {[%emt 0:01:01]} Ke6 {[%emt 0:01:02]} 36. Nc4 {[%emt 0:01:33]} Kd7 {[%emt 0:01:59]} 37. Ke2 {[%emt 0:00:47]} Kc6 {[%emt 0:01:34]} 38. Kd3 {[%emt 0:00:38]} g5 {[%emt 0:00:55]} 39. b3 {[%emt 0:09:45]} Nc3 {[%emt 0:00:31]} 40. Ne3 {[%emt 0:02:15]} Bf8 {[%emt 0:00:33]} 41. Nxf5 {[%emt 0:51:23]} h5 {[%emt 0:06:47]} 42. h4 {[%emt 0:00:00]} Nd1 {[%emt 0:05:03]} 43. f3 {[%emt 0:00:00]} Kd5 {[%emt 0:00:05]} 44. Bc7 {[%emt 0:00:00]} Ke6 {[%emt 0:02:16]} 45. Ne3 {[%emt 0:00:00]} Nxe3 {[%emt 0:00:54]} 46. Kxe3 {[%emt 0:00:00]} gxh4 {[%emt 0:01:56]} 47. gxh4 {[%emt 0:00:00]} Kd5 {[%emt 0:06:09]} 48. Bb6 {[%emt 0:00:00]} Bh6+ {[%emt 0:12:11]} 49. f4 {[%emt 0:00:00]} f5 {[%emt 0:01:12]} 50. Bc5 {[%emt 0:00:00]} Bg7 {[%emt 0:00:08]} 51. Bxb4 {[%emt 0:00:00]} Bxd4+ {[%emt 0:01:22]} 52. Kd3 {[%emt 0:00:00]} Bf2 {[%emt 0:01:39]} 53. Be7 {[%emt 0:00:00]} Bg3 {[%emt 0:04:20]} 54. Ke3 {[%emt 0:00:00]} Be1 {[%emt 0:00:35]} 55. Ke2 {[%emt 0:00:00]} Bg3 {[%emt 0:05:25]} 56. Kf3 {[%emt 0:00:00]} Be1 {[%emt 0:01:57]} 57. Ke3 {[%emt 0:00:00]} Bg3 {[%emt 0:01:17]} 58. Bd8 {[%emt 0:00:00]} Be1 {[%emt 0:00:49]} 59. Kd3 {[%emt 0:00:00]} Bg3 {[%emt 0:00:32]} 60. Bg5 {[%emt 0:00:00]} Be1 {[%emt 0:00:27]} 61. Ke3 {[%emt 0:00:00]} Bb4 {[%emt 0:01:16]} 62. Kd3 {[%emt 0:00:00] Ke5 Ke4+} 1/2-1/2

[Event "95th Caplin Hastings Congress"]
[Site "Hastings"]
[Date "2020.01.04"]
[Round "8.19"]
[White "Brown, Thomas"]
[Black "Stoyanov, Viktor"]
[Result "0-1"]
[WhiteElo "2116"]
[BlackElo "2234"]
[Annotator "NA"]
[PlyCount "78"]
[EventDate "2019.12.28"]
[EventType "swiss"]
[EventCountry "ENG"]
[SourceTitle "playchess.com"]
[Source "ChessBase"]
[SourceQuality "1"]
[TimeControl "40/6600+30:3000+30"]

1. c4 {[%emt 0:09:32]} e5 {[%emt 0:15:19]} 2. g3 {[%emt 0:00:13]} h5 {[%emt 0:00:18]} 3. h3 {[%emt 0:05:28]} Nc6 {[%emt 0:00:26]} 4. Bg2 {[%emt 0:01:09]} Bc5 {[%emt 0:00:13]} 5. Nc3 {[%emt 0:00:22]} d6 {[%emt 0:00:34]} 6. a3 {[%emt 0:00:51]} Nge7 {[%emt 0:03:28]} 7. b4 {[%emt 0:03:56]} Bb6 {[%emt 0:00:56]} 8. e3 {[%emt 0:02:50]} a6 {[%emt 0:03:27]} 9. Nge2 {[%emt 0:03:02]} Be6 {[%emt 0:00:37]} 10. Nd5 {[%emt 0:00:26]} Ba7 {[%emt 0:00:41]} 11. Nxe7 {[%emt 0:08:28]} Qxe7 {[%emt 0:00:19]} 12. d3 {[%emt 0:04:47]} Qd7 {[%emt 0:01:11]} 13. Nc3 {[%emt 0:02:49]} f6 {[%emt 0:02:35]} 14. Bd2 {[%emt 0:07:22]} Kf7 {[%emt 0:02:21]} 15. Bd5 {[%emt 0:04:18]} Nd8 {[%emt 0:03:49]} 16. f4 {[%emt 0:09:57]} h4 {[%emt 0:31:43]} 17. Qf3 {[%emt 0:07:20]} hxg3 {[%emt 0:01:42]} 18. f5 {[%emt 0:01:47]} Bxd5 {[%emt 0:00:16]} 19. cxd5 {[%emt 0:01:16]} Kf8 {[%emt 0:04:45]} 20. Ke2 {[%emt 0:03:15]} Qf7 {[%emt 0:01:30]} 21. Rag1 {[%emt 0:01:52]} Qh5 {[%emt 0:00:24]} 22. Rxg3 {[%emt 0:00:25]} Qxf3+ {[%emt 0:00:17]} 23. Kxf3 {[%emt 0:00:27]} Nf7 {[%emt 0:00:13]} 24. Rhg1 {[%emt 0:16:02]} Rh7 {[%emt 0:01:00]} 25. Rc1 {[%emt 0:06:31]} Ke7 {[%emt 0:03:11]} 26. Na4 {[%emt 0:04:11]} Kd7 {[%emt 0:02:24]} 27. e4 {[%emt 0:03:07]} Rah8 {[%emt 0:00:48]} 28. Ke2 {[%emt 0:01:43]} Rxh3 {[%emt 0:08:14]} 29. Rxg7 {[%emt 0:00:48]} Rh2+ {[%emt 0:00:07]} 30. Kd1 {[%emt 0:01:04]} R8h7 {[%emt 0:00:20]} 31. Rg6 {[%emt 0:01:08]} Rf2 {[%emt 0:08:12]} 32. Nc3 {[%emt 0:05:56]} Ng5 {[%emt 0:04:08]} 33. Nb1 {[%emt 0:03:06]} Nf3 {[%emt 0:00:57]} 34. Kc2 {[%emt 0:00:55]} Be3 {[%emt 0:00:37]} 35. Rd1 {[%emt 0:00:29]} Rhh2 {[%emt 0:03:35]} 36. Rg7+ {[%emt 0:00:10]} Ke8 {[%emt 0:00:10]} 37. Rxc7 {[%emt 0:00:24]} Bxd2 {[%emt 0:00:15]} 38. Nxd2 {[%emt 0:00:36]} Nxd2 {[%emt 0:00:36]} 39. Rxb7 {[%emt 0:00:28]} Nxe4+ {[%emt 0:00:09]} 0-1

[Event "95th Caplin Hastings Congress"]
[Site "Hastings"]
[Date "2020.01.04"]
[Round "8.20"]
[White "Ratsma, Midas"]
[Black "White, Stuart A"]
[Result "1-0"]
[WhiteElo "2271"]
[BlackElo "2106"]
[Annotator "NA"]
[PlyCount "81"]
[EventDate "2019.12.28"]
[EventType "swiss"]
[EventCountry "ENG"]
[SourceTitle "playchess.com"]
[Source "ChessBase"]
[SourceQuality "1"]
[TimeControl "40/6600+30:3000+30"]

1. e4 {[%emt 0:11:06]} c5 {[%emt 0:09:35]} 2. Nf3 {[%emt 0:00:15]} d6 {[%emt 0:00:06]} 3. Bb5+ {[%emt 0:00:06]} Nd7 {[%emt 0:00:44]} 4. O-O {[%emt 0:00:09]} a6 {[%emt 0:01:18]} 5. Bd3 {[%emt 0:00:05]} Ngf6 {[%emt 0:00:40]} 6. Re1 {[%emt 0:00:29]} e6 {[%emt 0:00:25]} 7. c3 {[%emt 0:00:32]} b5 {[%emt 0:01:06]} 8. Bc2 {[%emt 0:00:51]} c4 {[%emt 0:01:54]} 9. a4 {[%emt 0:00:57]} Bb7 {[%emt 0:00:40]} 10. d4 {[%emt 0:02:14]} cxd3 {[%emt 0:01:10]} 11. Qxd3 {[%emt 0:00:07]} Nc5 {[%emt 0:08:42]} 12. Qe2 {[%emt 0:00:23]} bxa4 {[%emt 0:01:59]} 13. e5 {[%emt 0:00:13]} Nfd7 {[%emt 0:14:32]} 14. Bxa4 {[%emt 0:19:19]} Nxa4 {[%emt 0:03:23]} 15. Rxa4 {[%emt 0:02:59]} Nxe5 {[%emt 0:09:00]} 16. Nxe5 {[%emt 0:02:22]} dxe5 {[%emt 0:00:42]} 17. Qxe5 {[%emt 0:07:28]} Qd5 {[%emt 0:07:10]} 18. Qg3 {[%emt 0:14:40]} g6 {[%emt 0:11:00]} 19. Rd4 {[%emt 0:11:28]} Qc6 {[%emt 0:00:18]} 20. Bg5 {[%emt 0:03:28]} Bc5 {[%emt 0:07:56]} 21. Rc4 {[%emt 0:02:14]} Qd5 {[%emt 0:04:43]} 22. Nd2 {[%emt 0:02:45]} Bd6 {[%emt 0:07:57]} 23. Qg4 {[%emt 0:00:05]} h5 {[%emt 0:02:49]} 24. Qe4 {[%emt 0:00:05]} O-O {[%emt 0:03:49]} 25. Rd4 {[%emt 0:03:27]} Qb5 {[%emt 0:02:54]} 26. Qh4 {[%emt 0:04:31]} Bc5 {[%emt 0:01:34]} 27. Re5 {[%emt 0:04:05]} Qa5 {[%emt 0:03:59]} 28. Nb3 {[%emt 0:04:42]} Qa2 {[%emt 0:00:04]} 29. Rxc5 {[%emt 0:07:18]} Qxb3 {[%emt 0:00:05]} 30. Be7 {[%emt 0:02:04]} Qc2 {[%emt 0:02:00]} 31. h3 {[%emt 0:01:00]} Rfe8 {[%emt 0:03:00]} 32. Bf6 {[%emt 0:00:44]} Qc1+ {[%emt 0:05:37]} 33. Kh2 {[%emt 0:00:06]} e5 {[%emt 0:01:50]} 34. Rxe5 {[%emt 0:03:31]} Rxe5 {[%emt 0:02:11]} 35. Bxe5 {[%emt 0:00:05]} Qf1 {[%emt 0:00:59]} 36. Rg4 {[%emt 0:03:54]} Kh7 {[%emt 0:01:30]} 37. Qf6 {[%emt 0:00:47]} Rg8 {[%emt 0:00:28]} 38. Qxf7+ {[%emt 0:00:08]} Kh6 {[%emt 0:00:03]} 39. Qxg8 {[%emt 0:02:22]} hxg4 {[%emt 0:00:18]} 40. Bf4+ {[%emt 0:01:16]} g5 {[%emt 0:00:13]} 41. Qxg5+ {[%emt 0:50:06]} 1-0

[Event "95th Caplin Hastings Congress"]
[Site "Hastings"]
[Date "2020.01.04"]
[Round "8.21"]
[White "Thorpe, Thomas"]
[Black "Lyell, Mark"]
[Result "0-1"]
[WhiteElo "1924"]
[BlackElo "2294"]
[Annotator "NA"]
[PlyCount "72"]
[EventDate "2019.12.28"]
[EventType "swiss"]
[EventCountry "ENG"]
[SourceTitle "playchess.com"]
[Source "ChessBase"]
[SourceQuality "1"]
[TimeControl "40/6600+30:3000+30"]

1. e4 {[%emt 0:09:33]} c6 {[%emt 0:09:36]} 2. d4 {[%emt 0:00:40]} d5 {[%emt 0:00:05]} 3. exd5 {[%emt 0:00:00]} cxd5 {[%emt 0:00:00]} 4. Bd3 {[%emt 0:00:27]} Nc6 {[%emt 0:00:05]} 5. c3 {[%emt 0:01:22]} Qc7 6. h3 Nf6 {[%emt 0:01:41]} 7. Nf3 g6 {[%emt 0:00:30]} 8. O-O {[%emt 0:01:30]} Bf5 {[%emt 0:06:58]} 9. Be2 {[%emt 0:06:33]} Bg7 {[%emt 0:03:37]} 10. Re1 {[%emt 0:05:38]} O-O {[%emt 0:02:28]} 11. Nbd2 {[%emt 0:04:13]} Rab8 {[%emt 0:02:56]} 12. Nf1 {[%emt 0:12:30]} b5 {[%emt 0:01:21]} 13. Ng3 {[%emt 0:02:12]} Be4 {[%emt 0:04:23]} 14. Ng5 {[%emt 0:07:42]} Rfd8 {[%emt 0:03:01]} 15. N3xe4 {[%emt 0:05:47]} Nxe4 {[%emt 0:10:43]} 16. Bf3 {[%emt 0:02:53]} e5 {[%emt 0:01:37]} 17. dxe5 {[%emt 0:23:51]} Qxe5 {[%emt 0:04:21]} 18. Bxe4 {[%emt 0:02:25]} dxe4 {[%emt 0:00:14]} 19. Qb3 {[%emt 0:00:20]} Qf5 {[%emt 0:03:58]} 20. g4 {[%emt 0:03:20]} Qd5 {[%emt 0:09:54]} 21. Bf4 {[%emt 0:03:15]} Be5 {[%emt 0:02:54]} 22. Qxd5 {[%emt 0:03:37]} Rxd5 {[%emt 0:00:03]} 23. Bxe5 {[%emt 0:00:10]} Nxe5 {[%emt 0:03:03]} 24. Nxe4 {[%emt 0:00:21]} Nf3+ {[%emt 0:02:46]} 25. Kf1 {[%emt 0:02:17]} Kg7 {[%emt 0:00:30]} 26. Re3 {[%emt 0:00:48]} Ne5 {[%emt 0:01:16]} 27. b3 {[%emt 0:14:10]} Rb6 {[%emt 0:03:22]} 28. Ke2 {[%emt 0:02:10]} f5 {[%emt 0:03:08]} 29. gxf5 {[%emt 0:00:37]} gxf5 {[%emt 0:00:01]} 30. Rg1+ {[%emt 0:00:27]} Kh6 {[%emt 0:01:51]} 31. Ng5 {[%emt 0:02:23]} Ra6 {[%emt 0:11:42]} 32. h4 {[%emt 0:04:13]} Ng4 {[%emt 0:07:26]} 33. Re7 {[%emt 0:00:32]} Rxa2+ {[%emt 0:00:37]} 34. Kf3 {[%emt 0:00:30]} Rxf2+ {[%emt 0:00:35]} 35. Kg3 {[%emt 0:00:02]} Rd3+ {[%emt 0:00:12]} 36. Nf3 {[%emt 0:00:06]} Rdxf3# {[%emt 0:00:12]} 0-1

[Event "95th Caplin Hastings Congress"]
[Site "Hastings"]
[Date "2020.01.04"]
[Round "8.22"]
[White "Merriman, John"]
[Black "Willson, Ollie"]
[Result "1/2-1/2"]
[WhiteElo "2222"]
[BlackElo "2082"]
[Annotator "NA"]
[PlyCount "33"]
[EventDate "2019.12.28"]
[EventType "swiss"]
[EventCountry "ENG"]
[SourceTitle "playchess.com"]
[Source "ChessBase"]
[SourceQuality "1"]
[TimeControl "40/6600+30:3000+30"]

1. b3 {[%emt 0:09:34]} Nf6 {[%emt 0:09:56]} 2. Bb2 {[%emt 0:00:07]} d5 {[%emt 0:00:37]} 3. e3 {[%emt 0:00:21]} Bf5 {[%emt 0:04:37]} 4. Nf3 {[%emt 0:01:21]} e6 {[%emt 0:00:14]} 5. h3 {[%emt 0:02:26]} Nbd7 {[%emt 0:10:15]} 6. Nh4 {[%emt 0:03:13]} Bg6 {[%emt 0:01:34]} 7. Be2 {[%emt 0:05:03]} Be7 {[%emt 0:06:01]} 8. c4 {[%emt 0:04:48]} c6 {[%emt 0:03:32]} 9. d3 {[%emt 0:07:03]} a5 {[%emt 0:17:19]} 10. a3 {[%emt 0:15:46]} Qb6 {[%emt 0:13:56]} 11. Nxg6 {[%emt 0:10:26]} hxg6 {[%emt 0:02:11]} 12. Qc2 {[%emt 0:04:27]} Bd6 {[%emt 0:16:21]} 13. Nd2 {[%emt 0:02:44]} Qc7 {[%emt 0:00:35]} 14. d4 {[%emt 0:03:08]} Qd8 {[%emt 0:06:34]} 15. Rd1 {[%emt 0:03:39]} Qe7 {[%emt 0:00:26]} 16. Ra1 {[%emt 0:19:48]} g5 {[%emt 0:05:21]} 17. g3 {[%emt 0:11:13]} 1/2-1/2

[Event "95th Caplin Hastings Congress"]
[Site "Hastings"]
[Date "2020.01.04"]
[Round "8.23"]
[White "Hutchinson, Paul A"]
[Black "Keetman, Maaike"]
[Result "1-0"]
[WhiteElo "2112"]
[BlackElo "2193"]
[Annotator "NA"]
[PlyCount "91"]
[EventDate "2019.12.28"]
[EventType "swiss"]
[EventCountry "ENG"]
[SourceTitle "playchess.com"]
[Source "ChessBase"]
[SourceQuality "1"]
[TimeControl "40/6600+30:3000+30"]

1. d4 {[%emt 0:09:32]} e6 {[%emt 0:09:35]} 2. Nf3 {[%emt 0:00:07]} c5 {[%emt 0:00:09]} 3. e3 {[%emt 0:00:09]} Nf6 {[%emt 0:00:40]} 4. c3 {[%emt 0:00:07]} b6 {[%emt 0:00:56]} 5. Bd3 {[%emt 0:00:13]} Bb7 {[%emt 0:00:59]} 6. Nbd2 {[%emt 0:00:16]} d5 {[%emt 0:03:30]} 7. Ne5 {[%emt 0:02:59]} Bd6 {[%emt 0:04:38]} 8. f4 {[%emt 0:00:10]} c4 {[%emt 0:19:06]} 9. Bc2 {[%emt 0:00:37]} Nc6 {[%emt 0:00:11]} 10. Qf3 {[%emt 0:02:11]} Qc7 {[%emt 0:01:13]} 11. Ba4 {[%emt 0:08:19]} Rc8 {[%emt 0:05:37]} 12. g4 {[%emt 0:01:06]} h6 {[%emt 0:05:51]} 13. h4 {[%emt 0:08:50]} Ke7 {[%emt 0:10:05]} 14. Qg2 {[%emt 0:11:09]} Nxe5 {[%emt 0:18:43]} 15. fxe5 {[%emt 0:00:51]} Bxe5 {[%emt 0:00:08]} 16. dxe5 {[%emt 0:09:19]} Qxe5 {[%emt 0:00:14]} 17. Nf3 {[%emt 0:00:43]} Qe4 {[%emt 0:01:41]} 18. Bc2 {[%emt 0:00:47]} Qxg4 {[%emt 0:00:21]} 19. Qxg4 {[%emt 0:03:11]} Nxg4 {[%emt 0:00:05]} 20. Rf1 {[%emt 0:00:10]} Rcg8 {[%emt 0:08:19]} 21. Bd2 {[%emt 0:00:15]} g5 {[%emt 0:02:13]} 22. O-O-O {[%emt 0:01:45]} f5 {[%emt 0:03:11]} 23. Nd4 {[%emt 0:02:50]} gxh4 {[%emt 0:04:36]} 24. Rf3 {[%emt 0:07:19]} h3 {[%emt 0:00:54]} 25. Be1 {[%emt 0:00:24]} h2 {[%emt 0:01:29]} 26. Bh4+ {[%emt 0:00:15]} Kf7 {[%emt 0:01:22]} 27. Rh3 {[%emt 0:04:55]} Rg7 {[%emt 0:03:40]} 28. Re1 {[%emt 0:02:16]} Rhg8 {[%emt 0:01:07]} 29. Bd1 {[%emt 0:00:20]} Bc8 {[%emt 0:04:38]} 30. Nf3 {[%emt 0:05:28]} h5 {[%emt 0:03:07]} 31. Nxh2 {[%emt 0:07:43]} Kg6 {[%emt 0:00:55]} 32. Bg3 {[%emt 0:05:11]} e5 {[%emt 0:01:06]} 33. Rg1 {[%emt 0:10:09]} Kh6 {[%emt 0:00:59]} 34. Nxg4+ {[%emt 0:01:23]} fxg4 {[%emt 0:00:13]} 35. Rh2 {[%emt 0:00:10]} Rg5 {[%emt 0:01:08]} 36. Rf1 {[%emt 0:00:09]} Kg7 {[%emt 0:02:32]} 37. Rhf2 {[%emt 0:01:52]} Be6 {[%emt 0:00:09]} 38. a4 {[%emt 0:02:06]} e4 {[%emt 0:00:50]} 39. b3 {[%emt 0:03:19]} Rh8 {[%emt 0:01:20]} 40. Bh4 {[%emt 0:01:01]} g3 {[%emt 0:01:00]} 41. Bxg5 {[%emt 0:50:23]} gxf2 {[%emt 0:50:05]} 42. Rxf2 {[%emt 0:00:10]} Kg6 {[%emt 0:00:46]} 43. Bh4 {[%emt 0:01:18]} Bg4 {[%emt 0:01:15]} 44. b4 {[%emt 0:03:58]} Re8 {[%emt 0:00:00]} 45. Rf6+ {[%emt 0:00:00]} Kg7 {[%emt 0:00:00]} 46. Rd6 {[%emt 0:00:00]} 1-0

[Event "95th Caplin Hastings Congress"]
[Site "Hastings"]
[Date "2020.01.04"]
[Round "8.24"]
[White "Elwin, Adrian G"]
[Black "Brouwer, Dennis"]
[Result "0-1"]
[WhiteElo "1986"]
[BlackElo "2209"]
[Annotator "NA"]
[PlyCount "104"]
[EventDate "2019.12.28"]
[EventType "swiss"]
[EventCountry "ENG"]
[SourceTitle "playchess.com"]
[Source "ChessBase"]
[SourceQuality "1"]
[TimeControl "40/6600+30:3000+30"]

1. d4 {[%emt 0:09:34]} Nf6 {[%emt 0:10:03]} 2. c4 {[%emt 0:00:11]} g6 {[%emt 0:00:10]} 3. Nf3 {[%emt 0:00:21]} Bg7 {[%emt 0:00:12]} 4. Nc3 {[%emt 0:00:08]} O-O {[%emt 0:00:14]} 5. e4 {[%emt 0:02:58]} d6 {[%emt 0:00:09]} 6. Be2 {[%emt 0:03:58]} e5 {[%emt 0:00:11]} 7. dxe5 {[%emt 0:03:15]} dxe5 {[%emt 0:00:08]} 8. Qxd8 {[%emt 0:00:46]} Rxd8 {[%emt 0:00:09]} 9. Bg5 {[%emt 0:01:02]} Re8 {[%emt 0:04:23]} 10. O-O-O {[%emt 0:07:07]} h6 {[%emt 0:00:00]} 11. Bh4 {[%emt 0:01:01]} Na6 {[%emt 0:03:53]} 12. Nd2 {[%emt 0:07:11]} c6 {[%emt 0:06:34]} 13. Nb3 {[%emt 0:18:15]} Nd7 {[%emt 0:11:35]} 14. f3 {[%emt 0:04:13]} Nac5 {[%emt 0:13:36]} 15. Bf2 {[%emt 0:05:31]} Nxb3+ {[%emt 0:00:00]} 16. axb3 {[%emt 0:00:27]} Nf8 {[%emt 0:00:27]} 17. Bd3 {[%emt 0:04:51]} Ne6 {[%emt 0:00:14]} 18. Ne2 {[%emt 0:00:00]} Bf8 {[%emt 0:26:06]} 19. Be3 {[%emt 0:02:38]} h5 {[%emt 0:06:16]} 20. h4 {[%emt 0:10:34]} Bc5 {[%emt 0:06:31]} 21. Bd2 {[%emt 0:01:37]} a5 {[%emt 0:00:00]} 22. Bc3 {[%emt 0:02:48]} Be3+ {[%emt 0:02:10]} 23. Bd2 {[%emt 0:02:52]} Bxd2+ {[%emt 0:00:33]} 24. Rxd2 {[%emt 0:00:02]} Nc5 {[%emt 0:01:13]} 25. Bc2 {[%emt 0:00:46]} Be6 {[%emt 0:05:21]} 26. Nc3 {[%emt 0:03:13]} Kf8 {[%emt 0:05:45]} 27. Rhd1 {[%emt 0:06:21]} Rec8 {[%emt 0:00:32]} 28. Kb1 {[%emt 0:00:52]} Ke8 {[%emt 0:00:39]} 29. g3 {[%emt 0:04:28]} Ke7 {[%emt 0:03:16]} 30. f4 {[%emt 0:01:10]} Bg4 {[%emt 0:00:35]} 31. Rf1 {[%emt 0:00:14]} f6 {[%emt 0:01:02]} 32. Na4 {[%emt 0:04:14]} Nxa4 {[%emt 0:00:42]} 33. bxa4 {[%emt 0:00:03]} Rd8 {[%emt 0:01:01]} 34. Rff2 {[%emt 0:00:14]} Be6 {[%emt 0:06:17]} 35. b3 {[%emt 0:03:17]} c5 {[%emt 0:01:47]} 36. Kc1 {[%emt 0:00:37]} Rd4 {[%emt 0:00:12]} 37. fxe5 {[%emt 0:00:49]} fxe5 {[%emt 0:00:08]} 38. Rxd4 {[%emt 0:00:16]} cxd4 {[%emt 0:00:17]} 39. Bd3 {[%emt 0:00:43]} Rf8 {[%emt 0:05:15]} 40. Rxf8 {[%emt 0:00:04]} Kxf8 {[%emt 0:00:06]} 41. Kb2 {[%emt 0:50:06]} Ke7 {[%emt 0:03:48]} 42. Ka3 {[%emt 0:02:06]} Kd6 {[%emt 0:00:47]} 43. b4 {[%emt 0:00:00]} b6 {[%emt 0:00:35]} 44. Kb3 {[%emt 0:00:00]} Kc6 {[%emt 0:05:08]} 45. Ka3 {[%emt 0:00:00]} Bg4 {[%emt 0:00:35]} 46. Bb1 {[%emt 0:00:00]} Be2 {[%emt 0:06:56]} 47. Kb3 {[%emt 0:00:00]} Kd6 {[%emt 0:01:16]} 48. c5+ {[%emt 0:00:00]} bxc5 {[%emt 0:00:13]} 49. b5 {[%emt 0:00:00]} c4+ {[%emt 0:06:08]} 50. Kb2 {[%emt 0:00:00]} Bd1 {[%emt 0:01:37]} 51. Bc2 {[%emt 0:00:00]} Bf3 {[%emt 0:00:21]} 52. Bb1 {[%emt 0:00:00]} Kc5 {[%emt 0:00:27]} 0-1